| 000 | 00766cam a2200277 a 4500 | ||
|---|---|---|---|
| 001 | 4681040 | ||
| 003 | LC | ||
| 005 | 20160308103013.0 | ||
| 008 | 820821s1982 nyu 000 1 eng | ||
| 010 | _a 81070742 | ||
| 020 | _c0812501845 | ||
| 040 |
_aDLC _cDLC _dDLC |
||
| 050 | 0 | 0 |
_aPS 3554.E1734 _b.D281 1982 |
| 082 | 0 | 0 |
_aFIC _bD34s 1982 |
| 100 | 1 |
_aDean, S. F. X. _920438 |
|
| 245 | 1 | 0 |
_aSuch pretty toys _cS.F.X. Dean. |
| 260 |
_aNew York : _bTom Doherty Book, _cc1982. |
||
| 300 |
_a221 p. ; _c17 cm. |
||
| 562 | _e1 | ||
| 650 | 0 |
_aFiction. _9746 |
|
| 650 | 0 | _aEnglish teachers -- Fiction. | |
| 655 | 7 |
_aDetective and mystery stories. _2gsafd _93472 |
|
| 906 |
_a7 _bcbc _corignew _d2 _eopcn _f19 _gy-gencatlg |
||
| 942 |
_2lcc _cBK |
||
| 999 |
_c11504 _d11504 |
||